000
00270nam a2200109Ia 4500
008
200302s9999 xx 000 0 und d
100
_a
Gyo Obata
245
_a
Gyp Obata : Architect Clients Refelctions
260
_b
Images Publishing Ltd.
260
_c
2010
300
_a
240
999
_c
4693
_d
4693